Experiencing MIS / (Record no. 49435)

MARC details
000 -LEADER
fixed length control field 01210cam a2200301 a 4500
001 - CONTROL NUMBER
control field 16406024
003 - CONTROL NUMBER IDENTIFIER
control field OSt
005 - DATE AND TIME OF LATEST TRANSACTION
control field 20170316161325.0
008 - FIXED-LENGTH DATA ELEMENTS--GENERAL INFORMATION
fixed length control field 100813s2012 njuab b 001 0 eng
010 ## - LIBRARY OF CONGRESS CONTROL NUMBER
LC control number 2010032136
020 ## - INTERNATIONAL STANDARD BOOK NUMBER
International Standard Book Number 9780132680257
035 ## - SYSTEM CONTROL NUMBER
System control number (OCoLC)ocn656848393
040 ## - CATALOGING SOURCE
Original cataloging agency DLC
Transcribing agency DLC
Modifying agency YDX
-- YDXCP
-- DLC
042 ## - AUTHENTICATION CODE
Authentication code pcc
050 00 - LIBRARY OF CONGRESS CALL NUMBER
Classification number T58.6
Item number .K76 2012
082 00 - DEWEY DECIMAL CLASSIFICATION NUMBER
Classification number 658.4/038011
Edition number 22
100 1# - MAIN ENTRY--PERSONAL NAME
Personal name Kroenke, David M.,
Dates associated with a name 1948-
245 10 - TITLE STATEMENT
Title Experiencing MIS /
Statement of responsibility, etc David M. Kroenke.
250 ## - EDITION STATEMENT
Edition statement updated 2nd canadian ed.
260 ## - PUBLICATION, DISTRIBUTION, ETC. (IMPRINT)
Place of publication, distribution, etc Upper Saddle River, N.J. :
Name of publisher, distributor, etc Pearson Prentice Hall,
Date of publication, distribution, etc 2012.
300 ## - PHYSICAL DESCRIPTION
Extent xxiii, 410p. :
Other physical details col. ill., col. maps ;
Dimensions 28 cm.
504 ## - BIBLIOGRAPHY, ETC. NOTE
Bibliography, etc Includes bibliographical references and index.
650 #0 - SUBJECT ADDED ENTRY--TOPICAL TERM
Topical term or geographic name as entry element Management information systems.
650 #0 - SUBJECT ADDED ENTRY--TOPICAL TERM
Topical term or geographic name as entry element Business
General subdivision Data processing.
906 ## - LOCAL DATA ELEMENT F, LDF (RLIN)
a 7
b cbc
c orignew
d 1
e ecip
f 20
g y-gencatlg
942 ## - ADDED ENTRY ELEMENTS (KOHA)
Source of classification or shelving scheme Library of Congress Classification
Koha item type Book
Holdings
Withdrawn status Lost status Source of classification or shelving scheme Damaged status Not for loan Collection code Home library Current library Shelving location Date acquired Source of acquisition Cost, normal purchase price Full call number Barcode Price effective from Koha item type Total Checkouts Date checked out
    Library of Congress Classification     Non-fiction Nairobi Campus Nairobi Campus General Circulation 16/03/2017 Donation-BFA 2000.00 T58.6 .K76 2012 051882 16/03/2017 Book    
    Library of Congress Classification     Non-fiction Nairobi Campus Nairobi Campus General Circulation 16/03/2017 Donation-BFA 2000.00 T58.6 .K76 2012 051883 16/03/2017 Book 1 28/09/2019